000 00542nam a2200169 i 4500
001 141719
003 ES-MaACL
005 20230906200343.0
007 t|
008 070927s1939 rm ||||1| fre d
100 1 _aVulpe, Radu.
_9115782
245 1 3 _aLa dobroudja a travers les siecles
_b: evolution historique et considérations géopolitiques /
_cRadu Vulpe.
260 _aBucarest :
_bDacia,
_c1939.
300 _a52 p., 32 lám., 1 mapa ;
_c21 cm.
651 4 _aDobrudja-
_xHistoria.
_9163662
852 _aES-MaACL
_j1830-F-8
_bR.18640
999 _c141719
_d141719